<?xml version="1.0" encoding="UTF-8"?>
<record
    xmlns:xsi="http://www.w3.org/2001/XMLSchema-instance"
    xsi:schemaLocation="http://www.loc.gov/MARC21/slim http://www.loc.gov/standards/marcxml/schema/MARC21slim.xsd"
    xmlns="http://www.loc.gov/MARC21/slim">

  <leader>01187    a2200289   4500</leader>
  <controlfield tag="001">47298</controlfield>
  <datafield tag="020" ind1=" " ind2=" ">
    <subfield code="a">9788579623868</subfield>
  </datafield>
  <datafield tag="041" ind1=" " ind2=" ">
    <subfield code="a">por</subfield>
  </datafield>
  <datafield tag="082" ind1=" " ind2=" ">
    <subfield code="a">999999</subfield>
  </datafield>
  <datafield tag="100" ind1=" " ind2=" ">
    <subfield code="a">Willems, Mo.</subfield>
  </datafield>
  <datafield tag="300" ind1=" " ind2=" ">
    <subfield code="a">61 p.</subfield>
  </datafield>
  <datafield tag="490" ind1=" " ind2=" ">
    <subfield code="a">Willems, Mo. Elephant &amp; Piggie book</subfield>
  </datafield>
  <datafield tag="520" ind1=" " ind2=" ">
    <subfield code="a">O Elefante e a Porquinha s&#xE3;o melhores amigos. Um dia, percebem que n&#xE3;o est&#xE3;o sozinhos - tem algu&#xE9;m olhando para eles! Quem ser&#xE1;? Um monstro? N&#xE3;o... &#xE9; voc&#xEA;, leitor! Em Estamos em um livro!, o elefante Geraldo e a Porquinha descobrem a alegria de serem lidos. Mas o que vai acontecer quando o livro acabar? Uma hist&#xF3;ria interativa, em que os ador&#xE1;veis personagens de Mo Willems conversam diretamente com o leitor e aprontam muitas maluquices</subfield>
  </datafield>
  <datafield tag="521" ind1=" " ind2=" ">
    <subfield code="a">IK</subfield>
  </datafield>
  <datafield tag="697" ind1=" " ind2=" ">
    <subfield code="a">Elephants - Fiction.</subfield>
  </datafield>
  <datafield tag="697" ind1=" " ind2=" ">
    <subfield code="a">Books and reading - Fiction.</subfield>
  </datafield>
  <datafield tag="697" ind1=" " ind2=" ">
    <subfield code="a">Humorous fiction.</subfield>
  </datafield>
  <datafield tag="697" ind1=" " ind2=" ">
    <subfield code="a">Pigs - Fiction.</subfield>
  </datafield>
  <datafield tag="697" ind1=" " ind2=" ">
    <subfield code="a">Readers (Elementary)</subfield>
  </datafield>
  <datafield tag="830" ind1=" " ind2=" ">
    <subfield code="a">Willems, Mo. Elephant &amp; Piggie book</subfield>
  </datafield>
  <datafield tag="856" ind1=" " ind2=" ">
    <subfield code="u">00001f/00001ff6.jpg</subfield>
  </datafield>
  <datafield tag="040" ind1=" " ind2=" ">
    <subfield code="a">BR-BrIDEA</subfield>
    <subfield code="c">BR-BrIDEA</subfield>
  </datafield>
  <datafield tag="090" ind1=" " ind2=" ">
    <subfield code="a">A SK [E]</subfield>
    <subfield code="b">WIL</subfield>
  </datafield>
  <datafield tag="245" ind1="1" ind2="0">
    <subfield code="a">Estamos em um livro!</subfield>
    <subfield code="c"> Mo Willems</subfield>
  </datafield>
  <datafield tag="260" ind1=" " ind2=" ">
    <subfield code="a">S&#xE3;o  Paulo</subfield>
    <subfield code="b">Objetiva</subfield>
    <subfield code="c">2015</subfield>
  </datafield>
  <datafield tag="942" ind1=" " ind2=" ">
    <subfield code="c">BK</subfield>
  </datafield>
  <datafield tag="952" ind1=" " ind2=" ">
    <subfield code="0">0</subfield>
    <subfield code="1">0</subfield>
    <subfield code="4">0</subfield>
    <subfield code="7">0</subfield>
    <subfield code="a">87.1</subfield>
    <subfield code="b">87.1</subfield>
    <subfield code="d">2023-11-21</subfield>
    <subfield code="l">0</subfield>
    <subfield code="o">028.5 WIL EST</subfield>
    <subfield code="p">5854/AQU</subfield>
    <subfield code="r">2023-11-21 15:14:08</subfield>
    <subfield code="w">2023-11-21</subfield>
    <subfield code="y">BK</subfield>
  </datafield>
  <datafield tag="952" ind1=" " ind2=" ">
    <subfield code="0">0</subfield>
    <subfield code="1">0</subfield>
    <subfield code="2">ddc</subfield>
    <subfield code="4">0</subfield>
    <subfield code="7">0</subfield>
    <subfield code="a">12.28</subfield>
    <subfield code="b">12.28</subfield>
    <subfield code="d">2016-06-27</subfield>
    <subfield code="l">1</subfield>
    <subfield code="o">SK [E] WIL</subfield>
    <subfield code="p">00024331SSW</subfield>
    <subfield code="q">2024-05-23</subfield>
    <subfield code="r">2024-05-23 14:38:49</subfield>
    <subfield code="s">2024-05-23</subfield>
    <subfield code="w">2024-01-23</subfield>
    <subfield code="y">BK</subfield>
  </datafield>
  <datafield tag="952" ind1=" " ind2=" ">
    <subfield code="0">0</subfield>
    <subfield code="1">0</subfield>
    <subfield code="2">ddc</subfield>
    <subfield code="4">0</subfield>
    <subfield code="7">0</subfield>
    <subfield code="a">12.28</subfield>
    <subfield code="b">12.28</subfield>
    <subfield code="d">2018-11-22</subfield>
    <subfield code="l">3</subfield>
    <subfield code="o">SK [E] WIL</subfield>
    <subfield code="p">00038943SSW</subfield>
    <subfield code="r">2024-06-18 17:33:48</subfield>
    <subfield code="s">2024-05-27</subfield>
    <subfield code="w">2024-01-23</subfield>
    <subfield code="y">BK</subfield>
  </datafield>
  <datafield tag="952" ind1=" " ind2=" ">
    <subfield code="0">0</subfield>
    <subfield code="1">0</subfield>
    <subfield code="2">ddc</subfield>
    <subfield code="4">0</subfield>
    <subfield code="7">0</subfield>
    <subfield code="a">12.27</subfield>
    <subfield code="b">12.27</subfield>
    <subfield code="d">2018-11-22</subfield>
    <subfield code="l">3</subfield>
    <subfield code="o">A SK [E] WIL</subfield>
    <subfield code="p">00038942AGC</subfield>
    <subfield code="r">2024-06-19 19:59:31</subfield>
    <subfield code="s">2024-06-12</subfield>
    <subfield code="w">2024-01-23</subfield>
    <subfield code="y">BK</subfield>
  </datafield>
  <datafield tag="952" ind1=" " ind2=" ">
    <subfield code="0">0</subfield>
    <subfield code="1">0</subfield>
    <subfield code="2">ddc</subfield>
    <subfield code="4">0</subfield>
    <subfield code="7">0</subfield>
    <subfield code="a">12.28</subfield>
    <subfield code="b">12.28</subfield>
    <subfield code="d">2018-11-22</subfield>
    <subfield code="l">1</subfield>
    <subfield code="o">SK [E] WIL</subfield>
    <subfield code="p">00038944SSW</subfield>
    <subfield code="q">2024-05-06</subfield>
    <subfield code="r">2024-03-07 10:25:07</subfield>
    <subfield code="s">2024-03-07</subfield>
    <subfield code="w">2024-01-23</subfield>
    <subfield code="y">BK</subfield>
  </datafield>
  <datafield tag="952" ind1=" " ind2=" ">
    <subfield code="0">0</subfield>
    <subfield code="1">0</subfield>
    <subfield code="2">ddc</subfield>
    <subfield code="4">0</subfield>
    <subfield code="7">0</subfield>
    <subfield code="a">12.27</subfield>
    <subfield code="b">12.27</subfield>
    <subfield code="d">2019-02-07</subfield>
    <subfield code="l">6</subfield>
    <subfield code="o">A SK [E] WIL</subfield>
    <subfield code="p">00039894AGC</subfield>
    <subfield code="r">2024-06-17 19:00:25</subfield>
    <subfield code="s">2024-06-14</subfield>
    <subfield code="w">2024-01-23</subfield>
    <subfield code="y">BK</subfield>
  </datafield>
  <datafield tag="952" ind1=" " ind2=" ">
    <subfield code="0">0</subfield>
    <subfield code="1">0</subfield>
    <subfield code="2">ddc</subfield>
    <subfield code="4">0</subfield>
    <subfield code="7">0</subfield>
    <subfield code="a">12.27</subfield>
    <subfield code="b">12.27</subfield>
    <subfield code="d">2019-02-07</subfield>
    <subfield code="l">6</subfield>
    <subfield code="o">A SK [E] WIL</subfield>
    <subfield code="p">00039895AGC</subfield>
    <subfield code="r">2024-05-20 19:13:23</subfield>
    <subfield code="s">2024-05-13</subfield>
    <subfield code="w">2024-01-23</subfield>
    <subfield code="y">BK</subfield>
  </datafield>
  <datafield tag="952" ind1=" " ind2=" ">
    <subfield code="0">0</subfield>
    <subfield code="1">0</subfield>
    <subfield code="2">ddc</subfield>
    <subfield code="4">0</subfield>
    <subfield code="7">0</subfield>
    <subfield code="a">12.27</subfield>
    <subfield code="b">12.27</subfield>
    <subfield code="d">2018-03-13</subfield>
    <subfield code="l">2</subfield>
    <subfield code="o">A SK [E] WIL</subfield>
    <subfield code="p">00035685AGC</subfield>
    <subfield code="r">2024-06-19 19:58:22</subfield>
    <subfield code="s">2024-06-12</subfield>
    <subfield code="w">2024-01-23</subfield>
    <subfield code="y">BK</subfield>
  </datafield>
  <datafield tag="999" ind1=" " ind2=" ">
    <subfield code="c">47298</subfield>
    <subfield code="d">47298</subfield>
  </datafield>
</record>
